000 02810ncm a2200457 c 4500
999 _c351102
_d351102
003 BLK
005 20200527150536.0
008 180414b bul |a|er|||| |0| c|bulo|
010 _aNOT00004164000
040 _aBLK
041 _aBUL
_cBUL
080 _aКамерна вок. муз. Песни, балади, арии, романси
_b784.3
_z784.3
139 _aПредкласически песни
_bП 86
245 1 0 _aПредкласически песни
_cсъстав. Божидара Стефанова, Георги Кузманов
254 _aКлавир
257 _aBGR
260 _bМузика
_c1981
_aСофия
300 _a48 с.
_c29 см.
380 _a7
505 _gСъдържа: Ти, който страдаш : fis1-d2 / Джулио Качини. Любов, какво очакваш fis1-c2. Ария из оп. Орфей c1-e2 / Клаудио Монтеверди. О, прекрасни коси d1-f2 / Андреа Фалкониери. Хубави устни e1-es2. Канцонета : fis1-as2 / Джакомо Карисими. Канцона f-as2 . Ария : d-f2 / Марко-Антонио Чести. Ария : c1-g2. Канцонета / Алесандро Страдела. Ариета g2-a2. Канцонета & fis1-fis2 / Алесандро Скарлати. Канцонета e2-g2 / Джакомо Антонио Перти. Сладка шега : c1-f2. Алма дел коре :a-fis2/ Антонио Калдара. Ария : h-c2
650 4 _aПесни
_9166108
653 _aпесни
700 1 _aСтефанова, Божидара
_eсъстав.
_9363261
700 1 _aКузманов, Георги
_eсъстав.
_9389298
852 _aЦб М ІІ 8439
_bИП
_c784/ П 86
856 4 _qpdf
_u
856 4 _qpdf
_u
942 _cNOT
_n0
_01
_s1
944 _aCR
_c24.11.2017
_kИрена_Линкова
999 _d351102